Statistics for Bendy Character Quiz

Click here to take the quiz!

General Stats

  • This quiz has been taken 169 times
  • The average score is 10 of 13

Answer Stats

HintAnswer% Correct
The little Devil DarlingBendy
100%
Clarinet playing wolf (And my personal favorite)Boris
96%
The Angel of the StageAlice Angel
95%
The CreatorJoey Drew
93%
The Character you play as (I forgot his last name)Henry
92%
Character from Chapter 5 who hangs out with AliceTom
74%
Corrupted version of a character from the Butcher gangFisher
69%
Corrupted version of a character from the Butcher gangPiper
69%
The ink covered character-human?-Person?-thing? (Also one of my favorites)Sammy Lawrence
69%
Corrupted version of a character from the Butcher gangStriker
61%
a character from the Butcher gangCharley
56%
a character from the Butcher gangEdgar
55%
a character from the Butcher gangBarley
52%

Score Distribution

Percentile by Number Answered

Percent of People with Each Score

Your Score History

You have not taken this quiz